| 000 | 00968nam a22003017a 4500 | ||
|---|---|---|---|
| 001 | 6247 | ||
| 003 | FISKH | ||
| 005 | 20250404111107.0 | ||
| 008 | 250404b cb ||||| |||| 00| 0 eng d | ||
| 020 | _a9780679819479 | ||
| 040 |
_aFISKH _beng _cFISKH _dFISKH |
||
| 050 | _aPZ7.S1185 M | ||
| 082 | _a813.54 | ||
| 100 |
_aSachar, Louis _d(1954-) |
||
| 245 |
_aMarvin repost 2 : _bWhy pick on me? / _cby Louis Sachar ; illustrated by Barbara Sullivan |
||
| 250 | _aThis edition first published in 1993 | ||
| 260 |
_aCanada : _bRandom, _c1993 |
||
| 300 |
_a64 pages : _billustrations ; _c20 cm |
||
| 505 | _aL | ||
| 520 | _aA small incident during recess threatens to turn nine-year-old Marvin into the outcast of his third-grade class. | ||
| 521 | 8 |
_a510
_bLexile |
|
| 521 | 8 |
_aL
_bRaz-Plus |
|
| 650 |
_2Humor _aChapter book |
||
| 650 |
_2Realistic fiction _aSchool |
||
| 700 |
_aSullivan, Barbara _dillustrator |
||
| 942 |
_2ddc _cBK _n0 |
||
| 999 |
_c6247 _d6247 |
||